000 00265nam a22001217a 4500
008 170814b xxu||||| |||| 00| 0 eng d
041 _aALB
080 _a51
100 _a36
101 _aMAT
245 _aPERMBLEDHJE ME 500 DEETYRA
_cBRAHA.N
942 _2udc
_cBK
999 _c23373
_d23373